000 01607nam a22002417a 4500
999 _c57081
_d57081
003 Ge_BSU
005 20191129144905.0
008 191112s ge ||||| |||| 00| 0 geo d
041 _ageo
080 _a82 ბ-57
100 _aბერძული, ნატო
_95311
245 _aნარატივის მხატვრული ფუნქცია თანამედროვე ქართულ პროზაში :
_b(დათო ტურაშვილის, კოტე ჯანდიერის, აკა მორჩილაძის შემოქმედებაში) /
_cსამეცნ. ხელმძღვანელი მ. ჩოხარაძე, ზ. კიკვიძე.
264 _aბათუმი,
_b2019.
300 _a123 გვ.
_b30 სმ.
504 _aბიბლიოგრ. გვ.113-121
653 _aლიტერატურათმცოდნეობა
653 _aფილოლოგია
653 _aდისერტაცია
700 _aჩოხარაძე, მ.
_eმეცნ. ხელმძღვანელი
_95312
700 _aკიკვიძე, ზ.
_eმეცნ. ხელმძღვანელი
_95313
710 _aბათუმის შოთა რუსთაველის სახელმწიფო უნივერსიტეტი
_bჰუმანიტარულ მეცნიერებათა ფაკულტეტი
_eქართული ფილოლოგიის დეპარტამენტი
_93259
942 _2udc
_cBK